Statistiques concernant Périodes de l'Histoire

Cliquez ici pour prendre le quiz!

Statistiques générales

  • Ce quiz a été pris 712 fois
  • Le résultat moyen est 5 sur 8

Statistiques - réponses

% Correct
MOYEN-ÂGE
93%
ANTIQUITÉ
88%
1789Révolution Française
72%
TEMPS MODERNES
56%
476Chute de l'Empire Romain d'Occident
47%
ÉPOQUE CONTEMPORAINE
47%
-3 500Invention de l'Écriture
46%
1453/1453/1485/1492/1492/1517Plusieurs Possibilités (Chute de Constantinople/Fin de la Guerre de Cent Ans/Bataille de Bosworth/Découverte de l'Amérique/Prise de Grenade/Début de la Réforme Protestante/...)
42%

Distribution des résultats

Percentile par nombre de réponses

% des personnes avec chaque résultat

Votre développement - résultats

Vous n’avez pas pris ce quiz